Trento: un concilio para la unión, 1550-1552

Kaydedildi:
Detaylı Bibliyografya
Yazar: Gutiérrez Campos, Constancio (Yazar)
Materyal Türü: Kitap
Dil:İspanyolca
Baskı/Yayın Bilgisi: Madrid Instituto Enrique Florez 1981
Seri Bilgileri:Corpus Tridentinum Hispanicum, 2-4
Konular:
Etiketler: Etiketle
Etiket eklenmemiş, İlk siz ekleyin!

MARC

LEADER 00000nam a2200000 a 4500
001 UCL5080
003 CL-VaPUC
008 040305e19810000SP |||||||||||||||||spa|d
020 |a 8430037659 
020 |a 8430037667 
020 |a 8430037675 
020 |a 8430037683 
082 0 4 |a 262.52  |b GUT  |2 21 
100 0 |a Gutiérrez Campos, Constancio  |e author  |9 482754 
245 1 0 |a Trento: un concilio para la unión, 1550-1552 
300 |a v 
942 |c BK 
945 |d 20040305 00:00:00  |a vberengu 
260 |a Madrid  |b Instituto Enrique Florez  |c 1981 
500 |a v.1: Fuentes: 1549-1551, cartas, despachos, nóminas, etc 
500 |a v.2: Fuentes: 1552-1553, cartas, despachos, nóminas, etc 
500 |a v.3: Estudio 
650 0 |a Concilios ecuménicos   |9 399684 
650 0 |a Concilio de Trento  |9 318307 
583 |a last modification  |c 20130925 05:00:02  |k Rodrigo Vera 
490 0 |a Corpus Tridentinum Hispanicum, 2-4 
999 |c 307751  |d 307749 
952 |0 0  |1 0  |4 0  |6 262_520000000000000_GUT_1981  |7 0  |8 A  |9 373855  |a BIBTEO  |b BIBTEO  |d 2019-11-21  |h v.1  |i 2103729  |l 1  |o 262.52 GUT 1981  |p 2103729  |r 2025-01-28  |s 2025-01-28  |w 2019-11-21  |y BK  |k ICR 
952 |0 0  |1 0  |4 0  |6 262_520000000000000_GUT_1981  |7 0  |8 A  |9 373856  |a BIBTEO  |b BIBTEO  |d 2019-11-21  |h v.2  |i 2103737  |l 1  |o 262.52 GUT 1981  |p 2103737  |r 2025-01-28  |s 2025-01-28  |w 2019-11-21  |y BK  |k ICR 
952 |0 0  |1 0  |4 0  |6 262_520000000000000_GUT_1981  |7 0  |8 A  |9 373857  |a BIBTEO  |b BIBTEO  |d 2019-11-21  |h v.3  |i 2103745  |l 1  |o 262.52 GUT 1981  |p 2103745  |r 2025-01-28  |s 2025-01-28  |w 2019-11-21  |y BK  |k ICR